El derecho administrativo vigente en España (Record no. 54629)

MARC details
000 -LEADER
campo de control de longitud fija 00846nam a2200181 i 4500
001 - NÚMERO DE CONTROL
campo de control 54629
003 - IDENTIFICADOR DE NÚMERO DE CONTROL
campo de control ES-MaACL
005 - FECHA Y HORA DE LA ÚLTIMA TRANSACCIÓN
campo de control 20230906163004.0
007 - CAMPO FIJO DE DESCRIPCIÓN FÍSICA--INFORMACIÓN GENERAL
campo de control de longitud fija t|
008 - DATOS DE LONGITUD FIJA--INFORMACIÓN GENERAL
campo de control de longitud fija 040107s1879 sp ||||1| spa d
100 1# - ENTRADA PRINCIPAL--NOMBRE DE PERSONA
Nombre de persona Freixa y Clariana, Francisco.
9 (RLIN) 52478
245 13 - MENCIÓN DEL TÍTULO
Título El derecho administrativo vigente en España
Resto del título : apéndice general en el cual están refundidos los siete anteriores y continuada la legislación vigente hasta el 31 de julio de 1878 /
Mención de responsabilidad, etc. por Francisco Freixa y Clariana ; [apéndice] redactado (por encargo de la viuda propietaria de la obra y sus apéndices) por Arturo Corbella.
260 ## - PUBLICACIÓN, DISTRIBUCIÓN, ETC.
Lugar de publicación, distribución, etc. Barcelona :
Nombre del editor, distribuidor, etc. [s.n.],
Fecha de publicación, distribución, etc. 1879 (
Fabricante Sucesores de Ramírez y Cª)
300 ## - DESCRIPCIÓN FÍSICA
Extensión 1188, XIV p. ;
Dimensiones 22 cm.
650 #4 - PUNTO DE ACCESO ADICIONAL DE MATERIA--TÉRMINO DE MATERIA
Término de materia o nombre geográfico como elemento de entrada Derecho administrativo-
Subdivisión geográfica España-
Subdivisión cronológica S.XIX.
9 (RLIN) 11645
700 1# - ENTRADA AGREGADA--NOMBRE PERSONAL
Nombre de persona Corbella, Arturo.
9 (RLIN) 40450
852 ## - LOCALIZACIÓN
Ubicación ES-MaACL
Número de control de estantería C-2836
Holdings
Estatus retirado Estado de pérdida Estado de daño No para préstamo Colección Biblioteca de origen Biblioteca actual Ubicación en estantería Fecha de adquisición Fuente de adquisición Total de préstamos Signatura topográfica completa Código de barras Visto por última vez Precio de reemplazo Tipo de ítem Koha
        Libros del s. XIX Biblioteca del Ateneo de Madrid Biblioteca del Ateneo de Madrid Sala Palomar 17/01/2008     C-2836 1057402 23/02/2023 23/02/2023 Libro impreso antiguo